000
00216 a2200097 4500
001
9531
100
_a
Jensen, A
245
_a
Applied Engineering Mechanics
260
_a
NY
_b
Mc Graw Hill
_c
1947
090
_c
7576
_d
7576
942
_a
NUST-CAE
_c
M
_c
34240
999
_c
244604
_d
244604